Country Demonyms - Statistics

General Stats
  • This quiz has been taken 32 times
  • The average score is 13 of 17
Answer Stats
Hint Answer % Correct
Afghanistan Afghan
100%
China Chinese
100%
France French
100%
Pakistan Pakistani
100%
Russia Russian
100%
Switzerland Swiss
100%
Denmark Danish
97%
Netherlands Dutch
97%
Finland Finnish
97%
Phillipines Filipino
90%
Peru Peruvian
90%
Congo Congolese
81%
Cyprus Cypriot
68%
Seychelles Seychellois
42%
Monaco Monégasque
32%
Lesotho Mosotho
16%
Barbados Bajan
6%
No matching quizzes found
Score Distribution
Percent of People with Each Score
Percentile by Number Answered
Your Score History
You have not taken this quiz